01458cam a22003375i 450000100090000000300090000900500170001800800410003502000250007604000480010108200220014910000380017124501180020926400470032730000450037433600260041933700280044533800270047350000240050050400520052450501620057665000520073865000510079065100100084165300350085165500170088670000320090394200260093599900170096195201420097817717130EG-ScBUE20230103093128.0130429s2013 couko f bdf 001 0 eng d a9781596689763 (pbk.) aDLCbengerdacDLCdDLCdEG-ScBUEdEG-ScBUE04a745.5942bDRI2221 aDriggs, Helen I.,eauthor.93863414aThe jewelry maker's field guide :btools and essential techniques /cHelen I. Driggs ; [edit by Marlene Blessing] 1a[Loveland, Colorado] :bInterweave,c2013. a167 pages :bforms, photographs ;c26 cm 2rdacontentatextbtxt 2rdamediaaunmediatedbn 2rdacarrieravolumebnc aIncludes glossary.  aIncludes bibliographical references and index. 0 aHow to use this book -- Raw materials -- Into the workshop -- At the bench -- Fabrication and assembly -- Moving metal -- Putting it all together -- Projects 7aJewelry makingvHandbooks, manuals, etc.2BUEsh 7aJewelry makingxEquipment and supplies.2BUEsh 2BUEsh bCOMAMEcJune2015cNovember2015 vReading book1 aBlessing, marlene,eeditor. 2ddck745.5942 DRIcBB c19627d19599 00102ddc40708AlahramaMAINbMAINc2NDd2015-06-11ePurchaseg175.00h434l0o745.5942 DRIp000038607r2025-07-15 00:00:00v218.75yBB